1349 1674 1518 1284 1107 1146 1921 1440 1645 1979 1640 1661 1133 1790 1823 1672 1833 1889 1804 1854 1222 1206 1005 1885 1843 1694 1498 1304 1865 1866 1485 1861 1884 1669 1922 1599 1523 1287 1452 1178 1036 1776 1228 1166 1174 1781 1569 1977 1390 1140 1167 1457 1544 1219 1917 1289 1270 1488 1146 1591 1686 1980 1013 1707 1602 1716 1586 1460 1917 1124 1077 1786 1480 1846 1929 1947 1809 1869 1883 1225 1423 1253 1114 1137 1393 1865 1676 1818 1925 1782 1099 1466 1654 1730 1910 1020 1897 1341 1987 BCNSPRNW ULIB Ver.6.0+V

เปลี่ยนเป็นภาษาไทย

Change to English
 แสดงรายละเอียดบรรณานุกรม
  กลับหน้าหลัก

Brief Record : Get Marc (ISO 2709) : E-mail record : QR code < ปิดหน้าต่าง
LEADER : 00000nam 2200000uu 4500
001    13399123026
003     ULIB
008    020711s2550 th a 000 0 tha d
020    9789742052805
090    นว.^ก255พ
100    กรุง ญ.ฉัตร
245    พยาบาทหวาน /^cกรุง ญ.ฉัตร
250    พิมพ์ครั้งที่ 1
260    กรุงเทพฯ :^bคลังวิทยา,^c2550
300    304 หน้า
945    ^p150^l0^i021723
999    ^aทศพร
รายการนี้ยังไม่มีแท็ก
คุณยังไม่ได้ล็อกอิน คุณสามารถมีกิจกรรมร่วมกับเว็บไซต์ได้ แต่ต้องล็อกอินก่อน ::
  ล็อกอิน

รายการสื่อสารสนเทศ

ลำดับที่ ประเภท เลขเรียก/บาร์โค้ด สถานที่ สถานะ
1. นวนิยาย
นวนิยาย
นว.^ก255พ ฉ.1 
  Barcode: 021723
ห้องสมุดวิทยาเขตสวรรค์ประชารักษ์
►นวนิยาย
บนชั้น
  ขอยืม

BibComment


ยังไม่เคยถูกคอมเมนท์

คอมเมนท์ทรัพยากรรายการนี้
  คอมเมนท์: พยาบาทหวาน กรุง ..


 Copyright 2026. Bcnsprnw @Library